000 00622nam a22001817a 4500
003 OSt
005 20140310182513.0
008 130808t xxu||||| |||| 00| 0 eng d
020 _a9780671722609
050 _aPR 2761
_b.Sh527 1993
100 _aShakespeare, William
_91777
245 _aShakespeare three comedies :
_bthe taming of the shrew, midsummer night's dream, twefth night /
_cedited by Barbara A. Mowat and paul Werstine.
260 _aNew York :
_bWashington Square Press,
_c1993.
300 _a426 p. ;
_c18 cm.
710 _aThe New Folger Library Shakespeare
_99087
942 _2lcc
_cSSLC
999 _c13935
_d13935